Participación, representación y reforma política en Venezuela (Record no. 14828)
[ view plain ]
| 000 -CABECERA | |
|---|---|
| campo de control de longitud fija | 00740caa a22001812a 4500 |
| 001 - NÚMERO DE CONTROL | |
| campo de control | 009028 |
| 003 - IDENTIFICADOR DEL NÚMERO DE CONTROL | |
| campo de control | AR-FADEU |
| 005 - FECHA Y HORA DE LA ÚLTIMA TRANSACCIÓN | |
| campo de control | 20190926082117.0 |
| 008 - DATOS DE LONGITUD FIJA--INFORMACIÓN GENERAL | |
| campo de control de longitud fija | 311216n########xxu####################dd |
| 040 ## - FUENTE DE LA CATALOGACIÓN | |
| Centro/agencia transcriptor | Biblioteca Ernesto Sábato |
| 092 ## - ASIGNACIÓN LOCAL DE SIGNATURA TOPOGRÁFICA DEWEY (OCLC) | |
| Número de clasificación | 321.8 |
| Número de documento/Ítem | R425 |
| 100 ## - ENTRADA PRINCIPAL--NOMBRE DE PERSONA | |
| Nombre de persona | Njaim, Humberto |
| 245 ## - MENCIÓN DE TÍTULO | |
| Título | Participación, representación y reforma política en Venezuela |
| 300 ## - DESCRIPCIÓN FÍSICA | |
| Extensión | PP. 315-367 |
| 500 ## - NOTA GENERAL | |
| Nota general | En: Representación política y democracia /comp. Carlota Jackisch. Buenos Aires : Ciedla. Centro Interdisciplinario de Estudios Sobre el Desarrollo Latinoamericano, 1998 |
| 773 0# - ENLACE AL DOCUMENTO FUENTE/ENTRADA DE REGISTRO ANFITRIÓN | |
| Número bibliográfico anfitrión | 14818 |
| Número de ítem anfitrión | 13898 |
| Encabezamiento principal | |
| Edición | |
| Lugar, editor y fecha de publicación | Buenos Aires |
| Otro identificador del documento | 14264 |
| Título | REPRESENTACION política y democracia |
| Número de control del registro | ( AR-FADEU) 009018 |
| Número Internacional Normalizado para Publicaciones Seriadas | |
| Número Internacional Estándar del Libro | 950-9431-72-9 |
| 942 ## - ELEMENTOS DE PUNTO DE ACCESO ADICIONAL (KOHA) | |
| Tipo de ítem Koha | BDGR |
| Fuente del sistema de clasificación o colocación | Dewey Decimal Classification |
No items available.